| 000 | 00864nam a22002657a 4500 | ||
|---|---|---|---|
| 999 |
_c876 _d876 |
||
| 001 | 19217 | ||
| 003 | BD-DhUAP | ||
| 005 | 20200128161930.0 | ||
| 008 | 200128r20121988ii ||||| |||| 001 0 eng d | ||
| 020 | _a9350282364 | ||
| 040 |
_aBD-DhUAP _bEng _cBD-DhUAP _dBD-DhUAP |
||
| 082 |
_223 _a320.011 RAT |
||
| 100 | _aRathore, L. S. | ||
| 245 |
_aPoliticat theory and organisation : _ba text-book for students of law and government / _cL. S. Rathore and S. A. H. Haqqi. |
||
| 250 | _a1st ed. | ||
| 260 |
_aLucknow : _bEastern Book Com., _cc2012. |
||
| 300 |
_axxxi, 367 pages ; _c24 cm. |
||
| 490 | _aSocial Sciences for Law students series. | ||
| 500 | _aIncludes index. | ||
| 650 |
_aPolitical science _xPhilosophy _vTextbook. |
||
| 650 |
_aPolitical theory _xLaw. |
||
| 650 |
_aLaw _vPolitical aspects _vTextbooks. |
||
| 700 | _aHaqqi, S. A. H. | ||
| 942 |
_2ddc _cBK |
||